• 首页
  • 本馆介绍
  • 公告通知
  • 最新文献
  • 馆藏检索
  • 电子资源
  • 读者导购
  • 参考咨询
  • 我的图书馆
  • 登录
  • 详细信息显示
  • 放入我的书架
  • 预约/预借图书
  • 作者相关作品
  • 分类相关作品
  • 丛书相关作品
  • 出版社相关作品

书目信息

  • 表格格式
  • 工作单格式
  • 卡片格式
题名:
光学设计实用技术
    
 
作者: 李澜 编著
分册:  
出版信息: 上海   上海科学技术出版社  2019
页数: 196页
开本: 26cm
丛书名:
单 册:
中图分类: TN202
科图分类:
主题词: 光学设计--Guang Xue She Ji
电子资源:
ISBN: 978-7-5478-4254-6
000 01132nam0 2200277 450
001 012001003438
005 20140130161247.0
010    @a978-7-5478-4254-6@dCNY48.00
099    @aCAL 012019021010
100    @a20181214d2019 ekmy0chiy50 ea
101 0  @achi
102    @aCN@b310000
105    @aa a 000yy
106    @ar
200 1  @a光学设计实用技术@AGuang Xue She Ji Shi Yong Ji Shu@f李澜 ... [等] 编著
210    @a上海@c上海科学技术出版社@d2019
215    @a196页@c图@d26cm
304    @a题名页题其余责任者: 邹军, 王凤超等
320    @a有书目 (第196页)
330    @a《光学设计实用技术》是以工程光学为基础, 结合成像光学和非成像光学的经典实例, 全面系统地阐述了以ZEMAX光学设计软件作为辅助手段的光学设计实用技术。全书共7章, 层次分明、逻辑清楚、案例详实, 在设计实例中也穿插了LED光学设计的前沿。本书包括基本的像差理论和成像质量评价方法, ZEMAX光学设计软件功能介绍、优化、公差分析、非成像光学设计, 以及大量光学设计实例。
333    @a光学设计研究者
606 0  @a光学设计@AGuang Xue She Ji
690    @aTN202@v5
701  0 @a李澜@ALi Lan@4编著
801  0 @aCN@b北京卓展@c20191020
905    @b1211642-5@dTN202@e140@f4
    
    光学设计实用技术/李澜 ... [等] 编著.-上海:上海科学技术出版社,2019
    196页:图;26cm
    使用对象:光学设计研究者
    
    ISBN 978-7-5478-4254-6:CNY48.00
    《光学设计实用技术》是以工程光学为基础, 结合成像光学和非成像光学的经典实例, 全面系统地阐述了以ZEMAX光学设计软件作为辅助手段的光学设计实用技术。全书共7章, 层次分明、逻辑清楚、案例详实, 在设计实例中也穿插了LED光学设计的前沿。本书包括基本的像差理论和成像质量评价方法, ZEMAX光学设计软件功能介绍、优化、公差分析、非成像光学设计, 以及大量光学设计实例。
●
相关链接 在E读中查询图书 在五车中查询图书 在当当中查询图书 在豆瓣中查询图书


正题名:光学设计实用技术     索取号:TN202/140         预约/预借

序号 登录号 条形码 馆藏地/架位号 状态 备注
1 1211642   212116422   第二样本阅览室/ [索取号:TN202/140] 在馆    
2 1211643   212116431   第三借阅区/ [索取号:TN202/140] 在馆    
3 1211644   212116440   第三借阅区/ [索取号:TN202/140] 在馆    
4 1211645   212116459   第三借阅区/ [索取号:TN202/140] 在馆    
唐山师范学院图书馆 欢迎您!
大连网信软件有限公司© 版权所有